Statistics for Random U.S. State Capitals Quiz

Click here to take the quiz!

General Stats

  • This quiz has been taken 76 times
  • The average score is 9 of 10

Answer Stats

HintAnswer% Correct
CaliforniaSacramento
100%
HawaiiHonolulu
97%
OklahomaOklahoma City
94%
AlaskaJuneau
92%
FloridaTallahassee
92%
MaineAugusta
86%
MichiganLansing
83%
West VirginiaCharleston
79%
WyomingCheyenne
79%
MissouriJefferson City
68%

Score Distribution

Percentile by Number Answered

Percent of People with Each Score

Your Score History

You have not taken this quiz